000 04814nam a2200313 i 4500
003 CSPC
005 20260304091720.0
008 241004s2023 -uk 001 0 eng d
020 _a9781803234618
040 _aCSPC
_beng
_cCSPC
_erda
050 4 _aQA76.73.P98
_b.C468 2023
082 0 4 _223
_a005.133
_bC457m
100 1 _aChou, Eric,
_eauthor.
245 1 0 _aMastering python networking :
_bUtilize python packages and frameworks for network automation, monitoring, cloud, and management /
_cEric Chou.
250 _aFourth edition.
264 1 _aBirmingham, United Kingdom :
_bPackt Publishing,
_c2023.
300 _axxvii, 564 pages ;
_c24 cm.
336 _2rdacontent
_atext
337 _2rdamedia
_aunmediated
338 _2rdacarrier
_avolume
500 _aIncludes index.
505 0 _aReview of TCP/IP protocol suite and python -- Low-level network device interactions -- APIs and intent-driven networking -- The python automation framework - ansible -- Docker containers for network engineers -- Network security with python -- Network monitoring with python - part 1 -- Network monitoring with python - part 2 -- Building network web services with python -- Introduction to async IO -- AWS cloud networking -- Azure cloud networking -- Network data analysis with elastic stack -- Working with git -- Continuous integration with GitLab -- Test-driven development for networks.
520 _a"Get to grips with the latest container examples, Python 3 features, GitLab DevOps, network data analysis, and cloud networking to get the most out of Python for network engineering with the latest edition of this bestselling guide Purchase of the print or Kindle book includes a free eBook in PDF format. Key Features Explore the power of the latest Python libraries and frameworks to tackle common and complex network problems efficiently and effectively Use Python and other open source tools for Network DevOps, automation, management, and monitoring Use Python 3 to implement advanced network-related features Book Description Networks in your infrastructure set the foundation for how your application can be deployed, maintained, and serviced. Python is the ideal language for network engineers to explore tools that were previously available to systems engineers and application developers. In Mastering Python Networking, Fourth edition, you'll embark on a Python-based journey to transition from a traditional network engineer to a network developer ready for the next generation of networks. This new edition is completely revised and updated to work with the latest Python features and DevOps frameworks. In addition to new chapters on introducing Docker containers and Python 3 Async IO for network engineers, each chapter is updated with the latest libraries with working examples to ensure compatibility and understanding of the concepts. Starting with a basic overview of Python, the book teaches you how it can interact with both legacy and API-enabled network devices. You will learn to leverage high-level Python packages and frameworks to perform network automation tasks, monitoring, management, and enhanced network security, followed by AWS and Azure cloud networking. You will use Git for code management, GitLab for continuous integration, and Python-based testing tools to verify your network. What you will learn Use Python to interact with network devices Understand Docker as a tool that you can use for the development and deployment Use Python and various other tools to obtain information from the network Learn how to use ELK for network data analysis Utilize Flask and construct high-level API to interact with in-house applications Discover the new AsyncIO feature and its concepts in Python 3 Explore test-driven development concepts and use PyTest to drive code test coverage Understand how GitLab can be used with DevOps practices in networking Who this book is for Mastering Python Networking, Fourth edition is for network engineers, developers, and SREs who want to learn Python for network automation, programmability, monitoring, cloud, and data analysis. Network engineers who want to transition from manual to automation-based networks using the latest DevOps tools will also get a lot of useful information from this book. Basic familiarity with Python programming and networking-related concepts such as Transmission Control Protocol/Internet Protocol (TCP/IP) will be helpful in getting the most out of this book"-- Worldcat.
650 0 _aPython (Computer program languages).
650 0 _aApplication software
_xDevelopment.
650 0 _aComputer networks
_xManagement.
942 _2ddc
_n0
_cBK
_e23
_h005.133
_iC457m
_kGRD
_m2023
999 _c28293
_d28293